[Event "NATO Chess Championship 2010"]
[Site "Koege"]
[Date "2010.10.20"]
[Round "4.10"]
[White "Olteán, Gusztáv"]
[Black "Wagenaar, Harm Theo"]
[Result "1-0"]
[WhiteElo "2152"]
[BlackElo "2072"]
[PlyCount "83"]
[EventDate "2010.??.??"]
[WhiteTeam "HUN"]
[BlackTeam "NED"]

1. Nf3 c5 2. c4 Nf6 3. d4 cxd4 4. Nxd4 b6 5. Nc3 Bb7 6. f3 e6 7. e4 d6 8. Be2
Be7 9. Be3 O-O 10. Qd2 a6 11. O-O Nbd7 12. Rfd1 Qc7 13. Rac1 Rac8 14. Qe1 Qb8
15. Nc2 Rfe8 16. Qf2 Bd8 17. Rd2 Bc7 18. g4 Red8 19. g5 Ne8 20. h4 Ba8 21. h5
Nf8 22. Qh4 b5 23. cxb5 d5 24. exd5 exd5 25. Rcd1 Nd6 26. Nd4 axb5 27. Ncxb5
Nxb5 28. Nxb5 Ba5 29. b4 Bb6 30. Bxb6 Qxb6+ 31. Qf2 Qxf2+ 32. Kxf2 Ne6 33. Nd4
Nxg5 34. b5 Ne6 35. a4 Nf4 36. a5 Nxe2 37. Rxe2 Rc4 38. a6 Rb4 39. Nc6 Bxc6 40.
bxc6 Kf8 41. c7 Rc8 42. Rxd5 1-0

[Event "NATO Chess Championship 2010"]
[Site "Koege"]
[Date "2010.10.20"]
[Round "4.12"]
[White "Picart, Laurent"]
[Black "Cheung, Jan"]
[Result "1/2-1/2"]
[WhiteElo "2139"]
[BlackElo "2030"]
[PlyCount "86"]
[EventDate "2010.??.??"]
[WhiteTeam "FRA"]
[BlackTeam "NED"]

1. d4 Nf6 2. c4 e6 3. Nc3 Bb4 4. Qc2 O-O 5. a3 Bxc3+ 6. Qxc3 b5 7. cxb5 c6 8.
Bg5 cxb5 9. e3 Bb7 10. Nf3 h6 11. Bh4 g5 12. Bg3 Ne4 13. Qc7 Qxc7 14. Bxc7 a6
15. Bd3 Rc8 16. Rc1 f5 17. Ke2 Nc6 18. Bb6 Ne7 19. Rhd1 d6 20. Ne1 Nd5 21. Ba5
Nef6 22. f3 f4 23. e4 Ne3 24. Rxc8+ Rxc8 25. Ra1 Nc4 26. Bc3 d5 27. e5 Nd7 28.
g3 fxg3 29. hxg3 Ndb6 30. Rc1 Na4 31. Bxc4 dxc4 32. Nc2 Rf8 33. Rf1 Kg7 34. Ne3
h5 35. Rf2 Kg6 36. Nf1 Rf7 37. Nd2 g4 38. fxg4 Rxf2+ 39. Kxf2 hxg4 40. Nf1 Kf5
41. Ke3 Nb6 42. Nd2 Nd5+ 43. Ke2 Nb6 1/2-1/2

[Event "NATO Chess Championship 2010"]
[Site "Koege"]
[Date "2010.10.20"]
[Round "4.13"]
[White "Ranario, Dan"]
[Black "Kapral, Krzysztof"]
[Result "1-0"]
[WhiteElo "2070"]
[BlackElo "2127"]
[PlyCount "142"]
[EventDate "2010.??.??"]
[WhiteTeam "USA"]
[BlackTeam "POL"]

1. Nf3 d5 2. d4 Nf6 3. c4 e6 4. Nc3 c5 5. e3 Nc6 6. cxd5 exd5 7. h3 Be7 8. Bb5
O-O 9. O-O Be6 10. a3 Rc8 11. dxc5 Bxc5 12. b4 Bd6 13. Bb2 Ne5 14. Nd4 a5 15.
Nxe6 fxe6 16. bxa5 Qxa5 17. Qb3 Rc5 18. a4 Nc4 19. Bxc4 Rxc4 20. Nb5 Bb8 21.
Bxf6 Rxf6 22. Ra2 h6 23. Rb1 Rf7 24. Qd1 Be5 25. f4 Bb8 26. Qg4 Qb6 27. g3
Qxe3+ 28. Rf2 d4 29. Qf3 Qxf3 30. Rxf3 Rxa4 31. Rd3 Rd7 32. Kg2 Ba7 33. Rc1 Bb6
34. Kf3 Kf7 35. Rc8 Rb4 36. Na3 Ke7 37. Nc4 Bc7 38. Nd2 b5 39. Ke4 Ra4 40. Nb3
Bb6 41. Rb8 Rd6 42. g4 Ra7 43. h4 Kd7 44. h5 Kc6 45. Rg8 Rd5 46. Re8 Kd6 47.
Rb8 Bc7 48. Rg8 Bb6 49. Rb8 Kc7 50. Re8 Kd7 51. Rg8 Kc6 52. Re8 Rd6 53. Rg8 b4
54. Ke5 Bd8 55. Nxd4+ Rxd4 56. Kxd4 Bf6+ 57. Kc4 Rb7 58. Rc8+ Kb6 59. Kxb4 e5
60. fxe5 Bxe5 61. Kc4 Rf7 62. Rb3+ Ka7 63. Kd5 Bf6 64. Rc2 Ka8 65. Ra2+ Ra7 66.
Rxa7+ Kxa7 67. Ke6 Ka6 68. Kf5 Bd4 69. Kg6 Be5 70. Re3 Bd4 71. Re7 Kb5 1-0

[Event "NATO Chess Championship 2010"]
[Site "Koege"]
[Date "2010.10.20"]
[Round "4.14"]
[White "Kiss, Jozsef Istvan"]
[Black "Harwood, Duncan"]
[Result "1/2-1/2"]
[WhiteElo "2105"]
[BlackElo "1939"]
[PlyCount "38"]
[EventDate "2010.??.??"]

1. e4 c5 2. Nf3 d6 3. d4 cxd4 4. Nxd4 Nf6 5. Nc3 g6 6. Be3 Bg7 7. f3 Nc6 8. Qd2
O-O 9. O-O-O d5 10. Nxc6 bxc6 11. exd5 cxd5 12. Nxd5 Nxd5 13. Qxd5 Qc7 14. Qxa8
Bf5 15. Qxf8+ Kxf8 16. Rd2 h5 17. Bc4 Bxb2+ 18. Kxb2 Qxc4 19. Bd4 e5 1/2-1/2

[Event "NATO Chess Championship 2010"]
[Site "Koege"]
[Date "2010.10.20"]
[Round "4.15"]
[White "Franck, Boris"]
[Black "Pirs, Matjaz"]
[Result "0-1"]
[WhiteElo "2105"]
[BlackElo "1934"]
[PlyCount "70"]
[EventDate "2010.??.??"]

1. e4 d5 2. exd5 Nf6 3. d4 Nxd5 4. c4 Nb6 5. Nf3 Bg4 6. c5 N6d7 7. Bc4 e6 8. h3
Bh5 9. Nc3 Be7 10. Be3 O-O 11. g4 Bg6 12. h4 h5 13. Ng5 hxg4 14. h5 Bf5 15.
Nxe6 Bxe6 16. Qb3 Nf6 17. Bxe6 fxe6 18. Qxe6+ Rf7 19. h6 Qd7 20. h7+ Nxh7 21.
Qe4 Nf6 22. Qg6 g3 23. Qxg3 Qg4 24. Qh2 Kf8 25. Kd2 Ng8 26. Rag1 Qd7 27. Qh8
Nc6 28. Ne2 Nxd4 29. Bxd4 Bxc5 30. Rh4 Re8 31. Kc1 Bxd4 32. Nxd4 c5 33. Rgh1
Rxf2 34. Rd1 cxd4 35. Rdxd4 Re1+ 0-1

[Event "NATO Chess Championship 2010"]
[Site "Koege"]
[Date "2010.10.20"]
[Round "4.16"]
[White "Ledoux, Jean-Luc"]
[Black "Kedzierski, Slawomir"]
[Result "0-1"]
[WhiteElo "2084"]
[BlackElo "2102"]
[PlyCount "111"]
[EventDate "2010.??.??"]
[WhiteTeam "FRA"]
[BlackTeam "NATO"]

1. Nf3 Nf6 2. c4 g6 3. b3 Bg7 4. Bb2 O-O 5. e3 d6 6. Be2 e5 7. d3 Nbd7 8. Qc2
Qe7 9. Nc3 c6 10. O-O Ne8 11. d4 f5 12. Rab1 e4 13. Nd2 g5 14. Rfe1 Ndf6 15.
Bf1 Be6 16. b4 d5 17. b5 Rf7 18. bxc6 bxc6 19. Qa4 Bd7 20. Ba3 Qe6 21. Nb3 f4
22. Nc5 Qf5 23. Nxd7 Qxd7 24. cxd5 cxd5 25. Qxd7 Rxd7 26. Na4 Rf7 27. Nc5 Bf8
28. f3 exf3 29. gxf3 fxe3 30. Rxe3 Ng7 31. Bc1 Nf5 32. Rd3 Nxd4 33. Na6 Ne6 34.
Bh3 Nc5 35. Nxc5 Bxc5+ 36. Kg2 Re7 37. Bf5 Re5 38. Rc3 d4 39. Be6+ Kg7 40. Rb7+
Kg6 41. Bf7+ Kf5 42. Rcb3 Re2+ 43. Kh3 h5 44. R3b5 Re5 45. Bc4 g4+ 46. Kg3 h4+
47. Kf2 d3+ 48. Rxc5 Rxc5 49. Bxd3+ Ke6 50. Be3 Rc3 51. Bg6 g3+ 52. hxg3 hxg3+
53. Ke2 Rh8 54. Bf7+ Kd6 55. Bf4+ Kc5 56. Bxg3 0-1

[Event "NATO Chess Championship 2010"]
[Site "Koege"]
[Date "2010.10.20"]
[Round "4.17"]
[White "Koopmeiners, Karl"]
[Black "Nielsen, Rene Ole"]
[Result "1/2-1/2"]
[WhiteElo "2011"]
[BlackElo "2158"]
[PlyCount "59"]
[EventDate "2010.??.??"]
[WhiteTeam "NATO"]
[BlackTeam "DEN"]

1. d4 Nf6 2. c4 e6 3. Nf3 Bb4+ 4. Bd2 Qe7 5. g3 b6 6. Bg2 Bxd2+ 7. Nfxd2 d5 8.
cxd5 exd5 9. Nc3 Bb7 10. O-O O-O 11. Nc4 Nbd7 12. Ne3 Qe6 13. Qb3 c6 14. Rfd1
Rfe8 15. Qc2 Ng4 16. Nxg4 Qxg4 17. b4 Nf6 18. e3 h5 19. b5 h4 20. h3 Qe6 21. g4
cxb5 22. Nxb5 Rac8 23. Qb3 Ba6 24. a4 Re7 25. Rac1 Bxb5 26. Rxc8+ Qxc8 27. axb5
Rd7 28. Rd2 Qc1+ 29. Rd1 Qc8 30. Rd2 1/2-1/2

[Event "NATO Chess Championship 2010"]
[Site "Koege"]
[Date "2010.10.20"]
[Round "4.18"]
[White "Rosenkilde, Alexander"]
[Black "Narman, Gökhan"]
[Result "1-0"]
[WhiteElo "2206"]
[BlackElo "2065"]
[PlyCount "91"]
[EventDate "2010.??.??"]
[WhiteTeam "DEN"]
[BlackTeam "TUR"]

1. d4 e6 2. c4 f5 3. g3 Nf6 4. Bg2 d5 5. Nh3 c6 6. Qc2 Bd6 7. O-O O-O 8. Nd2
Nbd7 9. Nf3 Ne4 10. Nf4 Qe7 11. Nd3 Kh8 12. Rb1 a5 13. b3 Qf6 14. e3 Ra6 15.
Bb2 Qh6 16. Qe2 Ndf6 17. Nfe5 Ng5 18. f3 Kg8 19. Rbe1 Bd7 20. Bc1 Nh3+ 21. Kh1
g5 22. e4 f4 23. Bxh3 Qxh3 24. gxf4 Bxe5 25. Nxe5 gxf4 26. Rg1+ Kh8 27. Bxf4
Be8 28. Rg3 Qh5 29. Qg2 Rg8 30. Rg1 Rxg3 31. Qxg3 Bg6 32. Nxg6+ hxg6 33. Be5
Ra8 34. Bxf6+ Kg8 35. Qxg6+ Qxg6 36. Rxg6+ Kf7 37. Rh6 dxc4 38. bxc4 b5 39. c5
b4 40. Be5 a4 41. Rh7+ Kg6 42. Rg7+ Kh6 43. Rb7 b3 44. a3 Ra5 45. Kg2 Kg6 46.
Kf2 1-0

[Event "NATO Chess Championship 2010"]
[Site "Koege"]
[Date "2010.10.20"]
[Round "4.19"]
[White "Bieluszewski, Piotr"]
[Black "Demjen, Attila"]
[Result "1-0"]
[WhiteElo "2153"]
[BlackElo "2026"]
[PlyCount "134"]
[EventDate "2010.??.??"]

1. e4 c6 2. d4 d5 3. Nd2 dxe4 4. Nxe4 Bf5 5. Ng3 Bg6 6. h4 h6 7. h5 Bh7 8. Nf3
Nd7 9. Bd3 Bxd3 10. Qxd3 e6 11. Bf4 Ngf6 12. O-O-O Nd5 13. Bd2 Bd6 14. Ne4 Bc7
15. g3 N7f6 16. c4 Nxe4 17. Qxe4 Nf6 18. Qe2 Qe7 19. Kb1 O-O-O 20. Bc3 Rhe8 21.
Ne5 Nd7 22. Nd3 f6 23. f4 Qf7 24. Nf2 e5 25. fxe5 fxe5 26. d5 cxd5 27. Rxd5 Nf6
28. Rxd8+ Kxd8 29. Ne4 Nxe4 30. Qxe4 Kc8 31. a3 Kb8 32. Ka1 a6 33. g4 Re7 34.
Re1 Qf6 35. Qg2 Qc6 36. Re4 Qe6 37. Qe2 Kc8 38. Be1 Re8 39. Bh4 Qc6 40. Bg3 Qe6
41. Qe3 Kb8 42. Bf2 Qc6 43. Bg3 Qe6 44. Qe2 Kc8 45. Be1 Qf6 46. Bd2 Qc6 47. g5
Kb8 48. Ka2 Rd8 49. Bc3 hxg5 50. Bxe5 Bxe5 51. Rxe5 Qf6 52. Re6 Qf4 53. Re4 Qf6
54. Qg2 Ka8 55. Rg4 Rd4 56. Rxg5 Rxc4 57. Rg6 Qe5 58. Rxa6+ Kb8 59. Rb6 Qc7 60.
Qg6 Rc2 61. Qe8+ Ka7 62. Rb4 Rc6 63. Ra4+ Ra6 64. Qe3+ Kb8 65. Rxa6 bxa6 66.
Qb3+ Kc8 67. Qe6+ Kb8 1-0

[Event "NATO Chess Championship 2010"]
[Site "Koege"]
[Date "2010.10.20"]
[Round "4.20"]
[White "Redman, Michael"]
[Black "Daler, Neset"]
[Result "1-0"]
[WhiteElo "2152"]
[BlackElo "2013"]
[PlyCount "61"]
[EventDate "2010.??.??"]
[WhiteTeam "UK"]
[BlackTeam "TUR"]

1. e4 c5 2. Nf3 e6 3. d4 cxd4 4. Nxd4 Nc6 5. Nc3 Nf6 6. Ndb5 d6 7. Bf4 e5 8.
Bg5 a6 9. Na3 Be6 10. Nc4 b5 11. Ne3 Qa5 12. Bxf6 gxf6 13. Bd3 h5 14. O-O Rc8
15. Ncd5 Bg7 16. c3 Ne7 17. a4 Bxd5 18. exd5 b4 19. cxb4 Qxb4 20. Bxa6 Rc5 21.
Bb5+ Kf8 22. Rc1 Bh6 23. Rxc5 Qxc5 24. Qd3 Rg8 25. Rd1 Bxe3 26. Qxe3 Qxe3 27.
fxe3 Nf5 28. Kf2 Rxg2+ 29. Kxg2 Nxe3+ 30. Kf3 Nxd1 31. a5 1-0

[Event "NATO Chess Championship 2010"]
[Site "Koege"]
[Date "2010.10.20"]
[Round "4.21"]
[White "Lazar, Ales"]
[Black "Christen, Pierre"]
[Result "1-0"]
[WhiteElo "2146"]
[BlackElo "2007"]
[PlyCount "69"]
[EventDate "2010.??.??"]
[WhiteTeam "SLO"]
[BlackTeam "LUX"]

1. e4 c6 2. d4 d5 3. Nc3 dxe4 4. Nxe4 Nd7 5. Nf3 Ngf6 6. Ng3 e6 7. Bd3 Bd6 8.
O-O O-O 9. c4 c5 10. b3 cxd4 11. Nxd4 a6 12. Bb2 Qc7 13. Qe2 b6 14. Rad1 Bb7
15. Bb1 Rfe8 16. Qd2 Bf4 17. Qc2 Bh6 18. Qe2 Rad8 19. Rfe1 g6 20. h4 Qf4 21. h5
Qg4 22. hxg6 hxg6 23. Qxg4 Nxg4 24. Be4 Nc5 25. Bxb7 Nxb7 26. Nc6 Rc8 27. Nb4
Nc5 28. Ne4 Bf8 29. Nd6 Bxd6 30. Rxd6 a5 31. Nc2 Red8 32. Red1 Rxd6 33. Rxd6 b5
34. cxb5 Nxf2 35. Rc6 1-0

[Event "NATO Chess Championship 2010"]
[Site "Koege"]
[Date "2010.10.20"]
[Round "4.22"]
[White "Rockhill, Nathaniel"]
[Black "Kersic, Matej"]
[Result "0-1"]
[WhiteElo "1951"]
[BlackElo "2139"]
[PlyCount "48"]
[EventDate "2010.??.??"]
[WhiteTeam "USA"]
[BlackTeam "SLO"]

1. e4 c5 2. Nf3 Nc6 3. Bb5 d6 4. Bxc6+ bxc6 5. d3 g6 6. Nc3 Bg7 7. O-O e5 8.
Rb1 Ne7 9. Be3 O-O 10. Qd2 f5 11. Bh6 f4 12. Bxg7 Kxg7 13. h3 Be6 14. b3 h6 15.
Kh2 g5 16. Rh1 (16. Kh1 Ng6 17. Rbe1 h5 18. Kg1 g4 19. hxg4 hxg4 20. Nh2 Rh8
21. Ne2 Rh5 22. Rb1 Qg5 23. g3 fxg3 24. Qxg5 gxh2+) 16... Ng6 17. Rbe1 h5 18.
Kg1 g4 19. hxg4 hxg4 20. Nh2 Rh8 21. Ne2 Rh5 22. Rb1 Qg5 23. g3 fxg3 24. Qxg5
gxh2+ 0-1

[Event "NATO Chess Championship 2010"]
[Site "Koege"]
[Date "2010.10.20"]
[Round "4.23"]
[White "Nielsen, Jan Mose"]
[Black "Parisse, Denis"]
[Result "1/2-1/2"]
[WhiteElo "2127"]
[BlackElo "1960"]
[PlyCount "23"]
[EventDate "2010.??.??"]
[WhiteTeam "DEN"]
[BlackTeam "NATO"]

1. b3 Nf6 2. Bb2 e6 3. e3 Be7 4. c4 O-O 5. g4 Ne4 6. Qc2 d5 7. d3 Bb4+ 8. Ke2
Nxf2 9. Kxf2 Qh4+ 10. Kg2 Qxg4+ 11. Kf2 Qh4+ 12. Kg2 1/2-1/2

[Event "NATO Chess Championship 2010"]
[Site "Koege"]
[Date "2010.10.20"]
[Round "4.24"]
[White "van Run, Rieke"]
[Black "Geröly, József"]
[Result "0-1"]
[WhiteElo "2120"]
[BlackElo "1982"]
[PlyCount "80"]
[EventDate "2010.??.??"]
[WhiteTeam "NED"]
[BlackTeam "HUN"]

1. e4 g6 2. f4 Bg7 3. Nf3 d6 4. Nc3 a6 5. d4 b5 6. e5 e6 7. a3 Bb7 8. Be3 Nd7
9. Bd3 Ne7 10. O-O O-O 11. Ne4 Bxe4 12. Bxe4 d5 13. Bd3 Qc8 14. g4 c5 15. c3
cxd4 16. Nxd4 Nc6 17. a4 bxa4 18. Nxc6 Qxc6 19. Qxa4 Qxa4 20. Rxa4 a5 21. Rfa1
Rab8 22. R1a2 f6 23. exf6 Nxf6 24. g5 Nh5 25. Be2 d4 26. cxd4 Nxf4 27. Bg4 h5
28. gxh6 Bxh6 29. Bf2 Rbc8 30. Ra1 Rc2 31. Rxa5 Nh3+ 32. Bxh3 Rfxf2 33. Ra8+
Kf7 34. Re1 Rfd2 35. Bxe6+ Kf6 36. Bh3 Rxd4 37. Ra6+ Kg5 38. Ree6 Kh4 39. Rxg6
Be3+ 40. Kh1 Rd1+ 0-1

[Event "NATO Chess Championship 2010"]
[Site "Koege"]
[Date "2010.10.20"]
[Round "4.25"]
[White "Keough, Robert"]
[Black "Kaygisiz, Ozgur Can"]
[Result "1-0"]
[WhiteElo "2114"]
[BlackElo "1892"]
[PlyCount "127"]
[EventDate "2010.??.??"]
[WhiteTeam "USA"]
[BlackTeam "TUR"]

1. e4 c5 2. Nf3 d6 3. d4 cxd4 4. Nxd4 Nf6 5. Nc3 a6 6. Bc4 e6 7. Bb3 Be7 8. O-O
O-O 9. Qf3 Qc7 10. Be3 Nc6 11. Rad1 Nxd4 12. Rxd4 b5 13. a4 Bd7 14. Qe2 Rfb8
15. f3 bxa4 16. Nxa4 Rxb3 17. cxb3 Bb5 18. Rc4 Qb7 19. Qc2 Bxc4 20. bxc4 Rc8
21. Rc1 h6 22. b3 Nd7 23. Qa2 Rc6 24. Kf2 Ne5 25. Rd1 Bg5 26. h3 Bxe3+ 27. Kxe3
Nd7 28. Ke2 Qb4 29. Rd3 Nc5 30. Nxc5 Qxc5 31. Qa1 f6 32. Qd4 Qxd4 33. Rxd4 Kf7
34. Kd3 a5 35. f4 Ke7 36. f5 e5 37. Rd5 Rc5 38. Kc3 Kd7 39. Rd3 Rc7 40. Kb2 a4
41. Rg3 Ke8 42. bxa4 Rxc4 43. a5 Rc7 44. a6 Kd8 45. Ra3 Ra7 46. Kc3 Kc7 47. Kc4
Kc6 48. g4 Kb6 49. Kd5 Kc7 50. Rc3+ Kb8 51. Rc6 Rf7 52. Kxd6 Ka7 53. Ke6 Rf8
54. Rc7+ Kxa6 55. Rxg7 Kb6 56. Ke7 Ra8 57. Kxf6 Re8 58. Re7 Rf8+ 59. Kxe5 Kc6
60. Re6+ Kd7 61. Rxh6 Ke7 62. Rh7+ Ke8 63. Ra7 Rh8 64. Ra8+ 1-0

[Event "NATO Chess Championship 2010"]
[Site "Koege"]
[Date "2010.10.20"]
[Round "4.26"]
[White "Jose, Franco"]
[Black "Voroblievas, Art�ras"]
[Result "1/2-1/2"]
[WhiteElo "2066"]
[BlackElo "1859"]
[PlyCount "87"]
[EventDate "2010.??.??"]
[WhiteTeam "USA"]
[BlackTeam "LTU"]

1. Nf3 d5 2. g3 c6 3. Bg2 Bg4 4. h3 Bh5 5. d4 Nf6 6. O-O e6 7. b3 Nbd7 8. Bb2
Be7 9. Nbd2 O-O 10. c4 Rc8 11. Ne1 Bg6 12. Ndf3 Ne4 13. Nd3 dxc4 14. bxc4 c5
15. Nfe5 Ndf6 16. g4 cxd4 17. Nxg6 hxg6 18. Rc1 Qb6 19. g5 Nxg5 20. c5 Qd8 21.
Qa4 e5 22. Nxe5 Bxc5 23. Nd3 Bb6 24. Rxc8 Qxc8 25. h4 Ne6 26. Rc1 Qb8 27. Qc4
Ng4 28. Ba3 Qh2+ 29. Kf1 Rd8 30. Be7 Re8 31. Bg5 Nxg5 32. Qb5 Rd8 33. Qxg5 Nf6
34. Bxb7 Qh3+ 35. Bg2 Qe6 36. a4 Re8 37. Bf3 Ne4 38. Qf4 Nc3 39. Rc2 Qh3+ 40.
Bg2 Qe6 41. Bf3 Re7 42. a5 Bxa5 43. Qxd4 Ne4 44. Nf4 1/2-1/2

[Event "NATO Chess Championship 2010"]
[Site "Koege"]
[Date "2010.10.20"]
[Round "4.27"]
[White "Bublys, Vaidotas"]
[Black "Nilsson, Erik"]
[Result "1/2-1/2"]
[WhiteElo "1930"]
[BlackElo "2149"]
[PlyCount "41"]
[EventDate "2010.??.??"]
[WhiteTeam "LTU"]
[BlackTeam "DEN"]

1. d4 e6 2. c4 d5 3. Nf3 c6 4. Nc3 Nf6 5. Bg5 Nbd7 6. e3 Qa5 7. Nd2 dxc4 8.
Bxf6 Nxf6 9. Nxc4 Qc7 10. Be2 Be7 11. O-O O-O 12. Qc2 Rd8 13. Rad1 Bd7 14. Ne4
Nd5 15. a3 Be8 16. Bd3 g6 17. Be2 b6 18. Rc1 Rac8 19. Rfd1 Qb7 20. Qb3 Rc7 21.
Rc2 1/2-1/2

[Event "NATO Chess Championship 2010"]
[Site "Koege"]
[Date "2010.10.20"]
[Round "4.28"]
[White "De Cat, Ben"]
[Black "Krainski, Slawomir"]
[Result "0-1"]
[WhiteElo "1927"]
[BlackElo "2115"]
[PlyCount "80"]
[EventDate "2010.??.??"]
[WhiteTeam "BEL"]
[BlackTeam "POL"]

1. Nf3 Nc6 2. d3 e5 3. e4 Nf6 4. Be2 d5 5. Nbd2 Bc5 6. h3 O-O 7. c3 a5 8. Qc2
a4 9. g4 Be6 10. Nf1 Qe7 11. Ng3 Ba7 12. Bg5 h6 13. Bd2 Qc5 14. Rh2 a3 15. bxa3
dxe4 16. dxe4 Nd4 17. Nxd4 exd4 18. Qc1 d3 19. Bf3 Qe5 20. Bf4 Qa5 21. Nh5 Bd4
22. Bd2 Be5 23. Rg2 Qxa3 24. g5 Nxh5 25. Bxh5 Qxc1+ 26. Rxc1 Rxa2 27. f4 Bxf4
28. gxh6 Rxd2 29. Rxd2 Bxh6 30. Rb1 Bxd2+ 31. Kxd2 b6 32. Kxd3 Rd8+ 33. Ke3
Bxh3 34. c4 g6 35. Bf3 Be6 36. Rc1 Kg7 37. e5 c5 38. Rb1 Rd4 39. Rxb6 Rxc4 40.
Rc6 Rc3+ 0-1

[Event "NATO Chess Championship 2010"]
[Site "Koege"]
[Date "2010.10.20"]
[Round "4.29"]
[White "Baudin, Frédéric"]
[Black "Kocur, Marc"]
[Result "1-0"]
[WhiteElo "2096"]
[BlackElo "1880"]
[PlyCount "47"]
[EventDate "2010.??.??"]
[WhiteTeam "FRA"]
[BlackTeam "BEL"]

1. e4 c6 2. d4 d5 3. Nc3 dxe4 4. Bc4 Nf6 5. f3 Qa5 6. fxe4 Bg4 7. Nf3 e5 8. Qd3
Bxf3 9. gxf3 Nbd7 10. Be3 b5 11. Bb3 Rd8 12. O-O-O Be7 13. Qe2 O-O 14. dxe5
Nxe5 15. Rxd8 Rxd8 16. f4 Ned7 17. e5 Ne8 18. Kb1 Bc5 19. e6 fxe6 20. Bxe6+ Kh8
21. Bxd7 Nf6 22. Bxc5 Nxd7 23. Qe7 b4 24. Bxb4 1-0

[Event "NATO Chess Championship 2010"]
[Site "Koege"]
[Date "2010.10.20"]
[Round "4.30"]
[White "Stone, Stephen"]
[Black "Lustig, Mickael"]
[Result "1/2-1/2"]
[WhiteElo "1600"]
[BlackElo "2027"]
[PlyCount "96"]
[EventDate "2010.??.??"]

1. c4 Nf6 2. g3 g6 3. Bg2 Bg7 4. Nf3 d6 5. d4 c5 6. d5 O-O 7. O-O Na6 8. Nbd2
Rb8 9. a4 Nb4 10. Ne1 Bf5 11. e4 Bg4 12. f3 Bd7 13. Nb1 h5 14. Nd3 Qc8 15. Nxb4
cxb4 16. Nd2 h4 17. Re1 Nh5 18. g4 Nf4 19. Bf1 Qc5+ 20. Kh1 Qf2 21. Nb3 Be5 22.
Bxf4 Bxf4 23. Qe2 Qxe2 24. Rxe2 Rbc8 25. Rc2 a6 26. Nc1 f5 27. gxf5 gxf5 28.
Bh3 Rc7 29. Nd3 fxe4 30. Bxd7 exd3 31. Be6+ Kh7 32. Rg2 Rxc4 33. Rg4 Rc1+ 34.
Rxc1 Bxc1 35. Rxh4+ Bh6 36. Rxb4 Rf4 37. Rxf4 Bxf4 38. Bf5+ Kg7 39. Bxd3 Kf6
40. Kg2 a5 41. h4 Ke5 42. Bc4 Bc1 43. b3 Kf4 44. Bd3 Bb2 45. Kf2 Bd4+ 46. Ke2
Bf6 47. h5 Kg5 48. Bg6 Kf4 1/2-1/2

[Event "NATO Chess Championship 2010"]
[Site "Koege"]
[Date "2010.10.20"]
[Round "4.31"]
[White "Adkins, James"]
[Black "Ross, Dave"]
[Result "1-0"]
[WhiteElo "2022"]
[BlackElo "1800"]
[PlyCount "61"]
[EventDate "2010.??.??"]
[WhiteTeam "USA"]
[BlackTeam "UK"]

1. Nf3 c5 2. g3 Nc6 3. Bg2 g6 4. O-O Bg7 5. d3 Nf6 6. e4 d6 7. Nbd2 O-O 8. a4
Rb8 9. Nc4 Bg4 10. h3 Bxf3 11. Bxf3 a6 12. Bg2 Qc7 13. f4 b5 14. axb5 axb5 15.
Ne3 e6 16. g4 e5 17. f5 g5 18. h4 gxh4 19. g5 Nd7 20. f6 Bh8 21. Nf5 Rfc8 22.
Qh5 Nb6 23. Ra6 d5 24. exd5 Nd4 25. Ne7+ Kf8 26. Qxh7 Ke8 27. Qxh8+ Kd7 28.
Bh3+ Ne6 29. dxe6+ fxe6 30. Nxc8 Rxc8 31. Qg7+ 1-0

[Event "NATO Chess Championship 2010"]
[Site "Koege"]
[Date "2010.10.20"]
[Round "4.33"]
[White "Steffers, Hendrik"]
[Black "Murray, Brian"]
[Result "1-0"]
[WhiteElo "1960"]
[BlackElo "1466"]
[PlyCount "81"]
[EventDate "2010.??.??"]
[WhiteTeam "NATO"]
[BlackTeam "CAN"]

1. d4 d6 2. e4 Nf6 3. Nc3 Nbd7 4. Nf3 c6 5. Be2 e5 6. O-O Be7 7. h3 O-O 8. Be3
Qc7 9. Bd3 b5 10. a3 exd4 11. Nxd4 Ne5 12. f4 Nc4 13. Bxc4 bxc4 14. Qf3 Bb7 15.
Nf5 c5 16. Ng3 Qd7 17. Rad1 Rab8 18. Qe2 Qc6 19. Nd5 Nxd5 20. exd5 Qb6 21. c3
Bc8 22. Bc1 Qb7 23. f5 f6 24. Rfe1 Rf7 25. Qh5 Bf8 26. Re4 g6 27. Qf3 Qd7 28.
Re6 Qa4 29. Ree1 Rbb7 30. fxg6 hxg6 31. Ne4 Rbe7 32. Bf4 f5 33. Nxd6 Rxe1+ 34.
Rxe1 Bxd6 35. Bxd6 g5 36. Qe3 Bd7 37. Bxc5 Qc2 38. Bd4 a6 39. Qxg5+ Kh7 40.
Qh5+ Kg8 41. Qh8# 1-0

[Event "NATO Chess Championship 2010"]
[Site "Koege"]
[Date "2010.10.20"]
[Round "4.34"]
[White "Geerts, Luc"]
[Black "Engelen, Johan"]
[Result "0-1"]
[WhiteElo "1514"]
[BlackElo "1958"]
[PlyCount "100"]
[EventDate "2010.??.??"]

1. d4 Nf6 2. Nf3 c5 3. d5 e6 4. Bg5 Qa5+ 5. Bd2 Qc7 6. dxe6 fxe6 7. e3 Be7 8.
Bd3 b6 9. Bc3 Bb7 10. O-O d5 11. Ng5 Kd7 12. Bb5+ Bc6 13. a4 a6 14. Nf7 Rf8 15.
Ne5+ Kc8 16. Bxc6 Nxc6 17. a5 Nxe5 18. axb6 Qd6 19. Bxe5 Qxe5 20. Qe2 Nd7 21.
Rxa6 Kb7 22. Rxa8 Rxa8 23. Qb5 Nxb6 24. Nd2 Kc7 25. Re1 Qd6 26. e4 Qd7 27. Qb3
Bd6 28. exd5 exd5 29. Qd3 g6 30. Nf3 Kc6 31. b3 Qg7 32. c3 Qf6 33. b4 Nc4 34.
g3 Ra3 35. b5+ Kb6 36. Qxd5 Qxc3 37. Qc6+ Ka5 38. Qa6+ Kb4 39. Rb1+ Rb3 40.
Rxb3+ Qxb3 41. Kg2 Qa4 42. Qb7 Qxb5 43. Qxh7 Qc6 44. Qh4 Kb5 45. Qf6 Ne5 46.
Kh3 Nxf3 47. Qb2+ Ka6 48. Qa3+ Kb6 49. Qb3+ Kc7 50. Qf7+ Qd7+ 0-1

[Event "NATO Chess Championship 2010"]
[Site "Koege"]
[Date "2010.10.20"]
[Round "4.35"]
[White "Marti, György"]
[Black "Ghiacy, Jelani"]
[Result "1-0"]
[WhiteElo "2225"]
[BlackElo "1517"]
[PlyCount "49"]
[EventDate "2010.??.??"]
[WhiteTeam "HUN"]
[BlackTeam "CAN"]

1. d4 d5 2. c4 Nf6 3. cxd5 Nxd5 4. e4 Nb6 5. Nc3 c6 6. Be3 e6 7. Nf3 Bd6 8. Bd3
f6 9. e5 Bb4 10. exf6 Bxc3+ 11. bxc3 Qxf6 12. Bg5 Qf8 13. O-O h6 14. Bg6+ Kd7
15. Bh4 Nc4 16. Qd3 b5 17. a4 Ba6 18. Ne5+ Kc8 19. Nf7 bxa4 20. Qh3 Nd6 21.
Qxe6+ Nd7 22. Rfe1 h5 23. Rab1 Rh6 24. Qe8+ Qxe8 25. Rxe8+ 1-0

[Event "NATO Chess Championship 2010"]
[Site "Koege"]
[Date "2010.10.20"]
[Round "4.36"]
[White "Chwieseni, Ed"]
[Black "Kuzminaite, Ieva"]
[Result "0-1"]
[WhiteElo "1800"]
[BlackElo "2016"]
[PlyCount "82"]
[EventDate "2010.??.??"]

1. e4 d5 2. Nc3 d4 3. Nce2 c5 4. d3 Nc6 5. c3 dxc3 6. bxc3 e5 7. Ng3 Be6 8. f4
exf4 9. Bxf4 Qa5 10. Qc2 Nd4 11. Qb1 Qxc3+ 12. Bd2 Nc2+ 13. Kd1 Qxa1 14. Qxa1
Nxa1 15. Bc3 Bxa2 16. Bxa1 f6 17. Kc2 Ne7 18. Nf3 Nc6 19. d4 cxd4 20. Nxd4
Nxd4+ 21. Bxd4 a6 22. Be2 Rc8+ 23. Kb2 Be6 24. Bh5+ Bf7 25. Bg4 Rd8 26. Kc3
Bb4+ 27. Kd3 Bc5 28. Ne2 O-O 29. Ke3 Bxd4+ 30. Nxd4 Rfe8 31. Nf5 Bd5 32. Ng3 g6
33. Kf4 Bc6 34. h4 Rd4 35. Bf3 f5 36. Re1 Bxe4 37. Nxe4 Rexe4+ 38. Bxe4 Rxe4+
39. Rxe4 fxe4 40. Kxe4 Kf7 41. g4 Ke6 0-1

[Event "NATO Chess Championship 2010"]
[Site "Koege"]
[Date "2010.10.20"]
[Round "4.37"]
[White "Kruit, Erik"]
[Black "Kacevicius, Dangiras"]
[Result "1-0"]
[WhiteElo "1887"]
[BlackElo "1730"]
[PlyCount "35"]
[EventDate "2010.??.??"]
[WhiteTeam "NED"]
[BlackTeam "LTU"]

1. e4 e5 2. f4 exf4 3. Nf3 Nf6 4. Nc3 Be7 5. Bc4 Ng4 6. O-O Bc5+ 7. d4 Be7 8.
Bxf4 Nf6 9. e5 Nh5 10. Be3 g6 11. Bh6 f5 12. exf6 Nxf6 13. Bg7 Rg8 14. Bxf6 Rf8
15. Bxe7 Kxe7 16. Qe2+ Kd6 17. Qe5+ Kc6 18. Qc5# 1-0